00358nam a2200121Ia 4500008004100000245009700041260001700138260000900155300000800164650002300172650001200195856002900207170516s9999 xx 000 0 und d aCurrent Approaches for Improving Intratumoral Accumulation and Distribution of Nanomedicines bTheranostics c2015 a5:9 xMedical Technology xMedtech uhttp://www.thno.org/v5i9